000 00420nam a2200193Ia 4500
003 0100
008 130303s9999 xx 000 0 und d
040 _cARRUPELIB
050 _aT14.I35251993
100 _aIhde, Don
245 _aPhilosophy of technology
245 _ban introduction
260 _aNY
260 _bParagon House
260 _C1993
300 _a157p
650 _bReligious life
942 0 0 _06
999 _c19182
_d19182